000
00311nam a2200145Ia 4500
100
_a
Pinge/ Sampada
942
_c
BK
654
_a
Microcomputer
245
_a
Microcomputer systems Design
260
_b
Nandu Pub
_a
New Delhi
082
_a
4.25
_b
PIN/PAN
300
_a
286
546
_a
ENGLISH
999
_c
32867
_d
32867